000
00307 a2200157 4500
001
158526
020
_a
040
_c
Magnum
100
_a
Almeida, Zelia
240
1
0
_a
Jornal do egito
_l
por
245
1
0
_a
Jornal do egito
362
0
_a
1899
440
1
_a
Dimensão
697
_a
COLECAO
942
_c
BK
999
_c
158526
_d
158526